| 000 | 00359nam a22001457a 4500 | ||
|---|---|---|---|
| 020 | _a978-93-5136-229-6 | ||
| 082 |
_a030 _bCOL/P |
||
| 100 | _aCOLLINS | ||
| 245 | _aCOLLINS PRIMARY ILLUSTRATED DICTIONARY | ||
| 250 | _aSECOND EDITION | ||
| 260 |
_aUNITED KINGDOM _bHARPER COLLINS _c2015 |
||
| 300 | _a482 | ||
| 650 |
_aDICTIONARY _zUNITED KINGDOM |
||
| 942 | _cBK | ||
| 999 |
_c2146 _d2146 |
||